| 000 | 00495nab a2200145Ia 4500 | ||
|---|---|---|---|
| 003 | ES-SlBCS | ||
| 005 | 20210601142449.0 | ||
| 008 | 140529s1994 xxu||||| |||| 00| 0 spa d | ||
| 041 | _aspa | ||
| 100 | 1 |
_aJain, Rakesh K. _9125110 |
|
| 245 | 0 | 0 |
_aBarreras a la entrada de fármacos en los tumores sólidos _c Rakesh K. Jain |
| 650 | 0 | 4 |
_aMedicina-Farmacología _9269577 |
| 773 | 0 |
_tInvestigacion y Ciencia (Traducción de: Scientific American) _gnº. 216, 1994, págs. 38-45 _wRev1650 |
|
| 942 | _cAR | ||
| 999 |
_c677279 _d677279 |
||